{"text_format":"3","workbook":"xls","n_sheets":3,"sheets":["LSI - BDI","SINTÉTICA","ANALÍTICA"],"not_rendered":{"images":2,"external_links":1,"defined_names":3},"read":"whole","date_system":"1900","formulas":"cached_only"}

{"sheet":"LSI - BDI","index":0,"n_rows":14,"n_cols":4,"rows_kept":14,"merged":[[0,1,0,3],[1,2,2,2],[3,0,3,3],[4,1,4,3],[9,2,12,2]],"flags":["formulas_cached_only"]}
["Item","LEIS SOCIAIS - LS"]
[1,"HORISTA - encargo social desonerado (taxa já inclusa nos valores unitários de mão-de-obra)","LS =",{"v":1.1755,"d":"117.55%"}]
[2,"MENSALISTA - encargo social desonerado (taxa já inclusa nos valores unitários de mão-de-obra)",null,{"v":0.7292000000000001,"d":"72.92%"}]
[]
["Item","BONIFICAÇÃO DE DESPESAS INDIRETAS - BDI"]
[1,"RISCO","R",{"v":0.01,"d":"1.00%"}]
[2,"DESPESAS FINANCEIRAS","DF",{"v":0.008,"d":"0.80%"}]
[3,"ADMINISTRAÇÃO CENTRAL","AC",{"v":0.03,"d":"3.00%"}]
[4,"LUCRO","L",{"v":0.06,"d":"6.00%"}]
[5,"COFINS","I",{"v":0.03,"d":"3.00%"}]
[6,"PIS",null,{"v":0.006500000000000001,"d":"0.65%"}]
[7,"Contribuição Previdenciária sobre a Renda Bruta (CPRB)",null,{"v":0,"d":"0.00%"}]
[8,"ISS",null,{"v":0.041534999999999996,"d":"4.15%"}]
["Fórmula:","     BDI =  { [ (1+AC+SG+R).(1+DF).(1+L) ] -1 } x 100                                                                                                                                           1-(I)","BDI =",{"v":0.2053,"d":"20.53%"}]

{"sheet":"SINTÉTICA","index":1,"n_rows":48,"n_cols":6,"rows_kept":48,"merged":[[5,0,5,5],[6,0,6,5],[7,0,7,5],[10,0,10,5]],"flags":["formulas_cached_only"]}
[]
[]
[]
[]
[]
["MINISTÉRIO PÚBLICO FEDERAL"]
["PROCURADORIA DA REPÚBLICA NO RIO GRANDE DO NORTE"]
["ASSESSORIA TÉCNICA DE ENGENHARIA CIVIL"]
[]
[]
["PLANILHA SINTÉTICA"]
[]
["ITEM","DISCRIMINAÇÃO DOS SERVIÇOS","UNID.","QUANT.","P.UNIT.(R$)","P.TOTAL(R$)"]
[null,"DIVISÓRIA"]
["1.1","DIVISORIA NAVAL (PAINEL COM VIDRO), E=40MM, COM PERFIS EM AÇO - FORNECIMENTO E APLICAÇÃO ","M²",{"v":2.7800000000000002,"d":"2.78"},{"v":216.6,"d":"R$ 216.60"},{"v":602.14,"d":"R$ 602.14"}]
["1.2","PORTA PARA DIVISÓRIA NAVAL ","UNID.",{"v":1,"d":"1.00"},{"v":252.54,"d":"R$ 252.54"},{"v":252.54,"d":"R$ 252.54"}]
[]
[null,"PINTURA"]
["2.1","APLICAÇÃO E LIXAMENTO DE MASSA LÁTEX EM PAREDES, UMA DEMÃO. AF_06/2014","M²",{"v":2,"d":"2.00"},{"v":6.89,"d":"R$ 6.89"},{"v":13.78,"d":"R$ 13.78"}]
["2.2","APLICAÇÃO E LIXAMENTO DE MASSA LÁTEX EM TETO, DUAS DEMÃOS. AF_06/2014","M²",{"v":2,"d":"2.00"},{"v":17.75,"d":"R$ 17.75"},{"v":35.5,"d":"R$ 35.50"}]
["2.3","APLICAÇÃO MANUAL DE PINTURA COM TINTA LÁTEX ACRÍLICA EM PAREDES, DUAS DEMÃOS. AF_06/2014","M²",31.46,{"v":10.81,"d":"R$ 10.81"},{"v":340.08,"d":"R$ 340.08"}]
["2.4","APLICAÇÃO MANUAL DE PINTURA COM TINTA LÁTEX ACRÍLICA EM TETO, DUAS DEMÃOS. AF_06/2014","M²",22.54,{"v":12.11,"d":"R$ 12.11"},{"v":272.95,"d":"R$ 272.95"}]
[]
[null,"INFRAESTRUTURA CFTV"]
["3.1","ELETRODUTO RÍGIDO ROSCÁVEL, PVC, DN 50 MM (1 1/2\") - FORNECIMENTO E INSTALAÇÃO. AF_12/2015","M",{"v":135,"d":"135.00"},{"v":8.72,"d":"R$ 8.72"},{"v":1177.2,"d":"R$ 1,177.20"}]
["3.2","FIXAÇÃO DE TUBOS HORIZONTAIS DE PVC DIÂMETROS MAIORES QUE 40 MM E MENORES OU IGUAIS A 75 MM COM ABRAÇADEIRA METÁLICA RÍGIDA TIPO D 1 ½\" A CADA 0,5 M","M",{"v":135,"d":"135.00"},{"v":6.91,"d":"R$ 6.91"},{"v":932.85,"d":"R$ 932.85"}]
["3.3","CONDULETE EM ALUMÍNIO DE 1 1/2\" ","UNID.",{"v":20,"d":"20.00"},{"v":42.54,"d":"R$ 42.54"},{"v":850.8,"d":"R$ 850.80"}]
["3.4","LUVA PARA ELETRODUTO, PVC, ROSCÁVEL, DN 50 MM (1 1/2\") - FORNECIMENTO E INSTALAÇÃO. AF_12/2015","UNID.",{"v":71,"d":"71.00"},{"v":10.17,"d":"R$ 10.17"},{"v":722.07,"d":"R$ 722.07"}]
["3.5","CURVA 90 GRAUS PARA ELETRODUTO, PVC, ROSCÁVEL, DN 50 MM (1 1/2\") - FORNECIMENTO E INSTALAÇÃO. AF_12/2015","UNID.",{"v":7,"d":"7.00"},{"v":15.56,"d":"R$ 15.56"},{"v":108.92,"d":"R$ 108.92"}]
["3.6","CURVA 135 GRAUS PARA ELETRODUTO, PVC, ROSCÁVEL, DN 50 MM (1 1/2\") - FORNECIMENTO E INSTALAÇÃO. AF_12/2015","UNID.",{"v":4,"d":"4.00"},{"v":26.27,"d":"R$ 26.27"},{"v":105.08,"d":"R$ 105.08"}]
["3.7","CAIXA DE PASSAGEM 20X20X25 FUNDO BRITA COM TAMPA","UNID.",{"v":9,"d":"9.00"},{"v":62.75,"d":"R$ 62.75"},{"v":564.75,"d":"R$ 564.75"}]
["3.8","QUADRO DE DISTRIBUIÇÃO EM CHAPA DE AÇO, SEM BARRAMENTO, SOBREPOR, PARA ATÉ 12 DISJUNTORES PADRÃO AMERICANO (LINHA PRETA), EXCLUSIVE DISJUNTORES ","UNID.",{"v":2,"d":"2.00"},{"v":342.72,"d":"R$ 342.72"},{"v":685.44,"d":"R$ 685.44"}]
["3.9","QUEBRA EM ALVENARIA PARA INSTALAÇÃO DE QUADRO DISTRIBUIÇÃO PEQUENO (19X25 CM). AF_05/2015","UNID.",{"v":1,"d":"1.00"},{"v":6.6,"d":"R$ 6.60"},{"v":6.6,"d":"R$ 6.60"}]
["3.10","CONECTOR DE CAIXA TIPO RETO (BOX RETO) EM AÇO DIAM.=  1 1/2” ","UNID.",{"v":5,"d":"5.00"},{"v":8.81,"d":"R$ 8.81"},{"v":44.05,"d":"R$ 44.05"}]
[]
[null,"COBERTURA ESTACIONAMENTO"]
["4.1","COBERTURA TIPO SOMBREADOR OU SOMBRITE COM TELA DE POLIETILENO E ESTRUTURA METÁLICA – FORNECIMENTO E INSTALAÇÃO","M²",{"v":103.5,"d":"103.50"},{"v":200.54,"d":"R$ 200.54"},{"v":20755.89,"d":"R$ 20,755.89"}]
[]
[null,"ALARME AUDIOVISUAL"]
["5.1","ALARME AUDIOVISUAL PARA BANHEIRO ACESSÍVEL SEM FIO COM UMA BOTOEIRA IP66 E ALCANCE MÍNIMO DE 20 METROS PARA A CENTRAL","UNID.",{"v":2,"d":"2.00"},{"v":902.87,"d":"R$ 902.87"},{"v":1805.74,"d":"R$ 1,805.74"}]
[]
[null,"REPARO TUBULAÇÃO HIDRÁULICA"]
["6.1","CAP DE PVC RÍGIDO SOLDÁVEL, MARROM, DIÂM = 20MM ","UNID.",{"v":1,"d":"1.00"},{"v":15.58,"d":"R$ 15.58"},{"v":15.58,"d":"R$ 15.58"}]
[]
[null,"ADMINISTRAÇÃO LOCAL"]
["7.1","ADMINISTRAÇÃO LOCAL","%",{"v":100,"d":"100.00"},{"v":4073.49,"d":"R$ 4,073.49"},{"v":4073.49,"d":"R$ 4,073.49"}]
[]
[null,"TOTAL",{"$nulls":3},{"v":33365.45,"d":"R$ 33,365.45"}]

{"sheet":"ANALÍTICA","index":2,"n_rows":203,"n_cols":13,"rows_kept":203,"merged":[[5,0,5,8],[6,0,6,8],[7,0,7,8],[9,1,9,6],[10,1,10,6],[11,1,11,6],[13,0,13,6],[15,7,15,8]],"flags":["formulas_cached_only"]}
[]
[]
[]
[]
[]
["MINISTÉRIO PÚBLICO FEDERAL"]
["PROCURADORIA DA REPÚBLICA NO RIO GRANDE DO NORTE"]
["ASSESSORIA TÉCNICA DE ENGENHARIA CIVIL"]
[]
["Obra/Serviço","Reforma PRM Pau dos Ferros/RN"]
["Local e Data:","Natal, 25 de Outubro de 2016"]
["Base Primária","SINAPI – Setembro 2016"]
[]
["PLANILHA ANALÍTICA"]
[]
["ITEM","CÓDIGO","DESCRIÇÃO","UNID.","COEFICIENTE","CUSTO UNIT.","CUSTO TOTAL","QUANTIDADE",null,"MATERIAL","MÃO DE OBRA","TOTAL MATERIAL","TOTAL MÃO DE OBRA"]
[{"$nulls":7},{"$error":"#VALUE!"},{"$error":"#VALUE!"},{"v":0,"d":"R$ 0.00"},{"v":0,"d":"R$ 0.00"},{"$error":"#VALUE!"},{"$error":"#VALUE!"}]
["1.1","04065/ORSE","DIVISORIA NAVAL (PAINEL COM VIDRO), E=40MM, COM PERFIS EM AÇO - FORNECIMENTO E APLICAÇÃO ","M²",{"$nulls":3},{"$error":"#VALUE!"},{"$error":"#VALUE!"},{"v":0,"d":"R$ 0.00"},{"v":0,"d":"R$ 0.00"},{"$error":"#VALUE!"},{"$error":"#VALUE!"}]
[null,2411,"DIVISORIA (N3) PAINEL/VIDRO/PAINEL MSO/COMEIA E=35MM - PERFIS SIMPLES ACO GALV PINTADO - COLOCADA ","M²",{"v":1,"d":"1.000"},{"v":179.71,"d":"R$ 179.71"},{"v":179.71,"d":"R$ 179.71"},{"$error":"#VALUE!"},{"$error":"#VALUE!"},{"v":0,"d":"R$ 0.00"},{"v":0,"d":"R$ 0.00"},{"$error":"#VALUE!"},{"$error":"#VALUE!"}]
[{"$nulls":5},"MATERIAL",{"v":0,"d":"R$ 0.00"},{"$error":"#VALUE!"},{"$error":"#VALUE!"},{"v":0,"d":"R$ 0.00"},{"v":0,"d":"R$ 0.00"},{"$error":"#VALUE!"},{"$error":"#VALUE!"}]
[{"$nulls":5},"MÃO DE OBRA",{"v":179.71,"d":"R$ 179.71"},{"$error":"#VALUE!"},{"$error":"#VALUE!"},{"v":0,"d":"R$ 0.00"},{"v":179.71,"d":"R$ 179.71"},{"$error":"#VALUE!"},{"$error":"#VALUE!"}]
[{"$nulls":5},"BDI",{"v":36.89,"d":"R$ 36.89"},{"$error":"#VALUE!"},{"$error":"#VALUE!"},{"v":0,"d":"R$ 0.00"},{"v":0,"d":"R$ 0.00"},{"$error":"#VALUE!"},{"$error":"#VALUE!"}]
[{"$nulls":5},"PREÇO TOTAL",{"v":216.6,"d":"R$ 216.60"},{"$error":"#VALUE!"},{"$error":"#VALUE!"},{"v":0,"d":"R$ 0.00"},{"v":0,"d":"R$ 0.00"},{"$error":"#VALUE!"},{"$error":"#VALUE!"}]
[{"$nulls":7},{"$error":"#VALUE!"},{"$error":"#VALUE!"},{"v":0,"d":"R$ 0.00"},{"v":0,"d":"R$ 0.00"},{"$error":"#VALUE!"},{"$error":"#VALUE!"}]
["1.2","04066/ORSE","PORTA PARA DIVISÓRIA NAVAL ",{"$nulls":4},{"$error":"#VALUE!"},{"$error":"#VALUE!"},{"v":0,"d":"R$ 0.00"},{"v":0,"d":"R$ 0.00"},{"$error":"#VALUE!"},{"$error":"#VALUE!"}]
[null,"03190/ORSE","PORTA PARA DIVISÓRIA NAVAL OU SIMILAR","UNID.",{"v":1,"d":"1.000"},{"v":200,"d":"R$ 200.00"},{"v":200,"d":"R$ 200.00"},{"$error":"#VALUE!"},{"$error":"#VALUE!"},{"v":0,"d":"R$ 0.00"},{"v":0,"d":"R$ 0.00"},{"$error":"#VALUE!"},{"$error":"#VALUE!"}]
[null,88316,"SERVENTE COM ENCARGOS COMPLEMENTARES","H",{"v":0.5,"d":"0.500"},{"v":12.01,"d":"R$ 12.01"},{"v":6,"d":"R$ 6.00"},{"$error":"#VALUE!"},{"$error":"#VALUE!"},{"v":0,"d":"R$ 0.00"},{"v":0,"d":"R$ 0.00"},{"$error":"#VALUE!"},{"$error":"#VALUE!"}]
[null,88278,"MONTADOR DE ESTRUTURA METÁLICA COM ENCARGOS COMPLEMENTARES","H",{"v":0.25,"d":"0.250"},{"v":14.15,"d":"R$ 14.15"},{"v":3.5300000000000002,"d":"R$ 3.53"},{"$error":"#VALUE!"},{"$error":"#VALUE!"},{"v":0,"d":"R$ 0.00"},{"v":0,"d":"R$ 0.00"},{"$error":"#VALUE!"},{"$error":"#VALUE!"}]
[{"$nulls":5},"MATERIAL",{"v":200,"d":"R$ 200.00"},{"$error":"#VALUE!"},{"$error":"#VALUE!"},{"v":200,"d":"R$ 200.00"},{"v":0,"d":"R$ 0.00"},{"$error":"#VALUE!"},{"$error":"#VALUE!"}]
[{"$nulls":5},"MÃO DE OBRA",{"v":9.53,"d":"R$ 9.53"},{"$error":"#VALUE!"},{"$error":"#VALUE!"},{"v":0,"d":"R$ 0.00"},{"v":9.53,"d":"R$ 9.53"},{"$error":"#VALUE!"},{"$error":"#VALUE!"}]
[{"$nulls":5},"BDI",{"v":43.01,"d":"R$ 43.01"},{"$error":"#VALUE!"},{"$error":"#VALUE!"},{"v":0,"d":"R$ 0.00"},{"v":0,"d":"R$ 0.00"},{"$error":"#VALUE!"},{"$error":"#VALUE!"}]
[{"$nulls":5},"PREÇO TOTAL",{"v":252.54,"d":"R$ 252.54"},{"$error":"#VALUE!"},{"$error":"#VALUE!"},{"v":0,"d":"R$ 0.00"},{"v":0,"d":"R$ 0.00"},{"$error":"#VALUE!"},{"$error":"#VALUE!"}]
[{"$nulls":7},{"$error":"#VALUE!"},{"$error":"#VALUE!"},{"v":0,"d":"R$ 0.00"},{"v":0,"d":"R$ 0.00"},{"$error":"#VALUE!"},{"$error":"#VALUE!"}]
["2.1","88495","APLICAÇÃO E LIXAMENTO DE MASSA LÁTEX EM PAREDES, UMA DEMÃO. AF_06/2014","M2",{"$nulls":3},{"$error":"#VALUE!"},{"$error":"#VALUE!"},{"v":0,"d":"R$ 0.00"},{"v":0,"d":"R$ 0.00"},{"$error":"#VALUE!"},{"$error":"#VALUE!"}]
[null,"88310","PINTOR COM ENCARGOS COMPLEMENTARES","H",0.234,{"v":14.83,"d":"R$ 14.83"},{"v":3.47,"d":"R$ 3.47"},{"$error":"#VALUE!"},{"$error":"#VALUE!"},{"v":0,"d":"R$ 0.00"},{"v":0,"d":"R$ 0.00"},{"$error":"#VALUE!"},{"$error":"#VALUE!"}]
[null,"88316","SERVENTE COM ENCARGOS COMPLEMENTARES","H",0.08600000000000001,{"v":12.01,"d":"R$ 12.01"},{"v":1.03,"d":"R$ 1.03"},{"$error":"#VALUE!"},{"$error":"#VALUE!"},{"v":0,"d":"R$ 0.00"},{"v":0,"d":"R$ 0.00"},{"$error":"#VALUE!"},{"$error":"#VALUE!"}]
[null,"3767","LIXA EM FOLHA PARA PAREDE OU MADEIRA, NUMERO 120 (COR VERMELHA)","UN",0.06,{"v":0.32,"d":"R$ 0.32"},{"v":0.01,"d":"R$ 0.01"},{"$error":"#VALUE!"},{"$error":"#VALUE!"},{"v":0,"d":"R$ 0.00"},{"v":0,"d":"R$ 0.00"},{"$error":"#VALUE!"},{"$error":"#VALUE!"}]
[null,"4051","MASSA CORRIDA PVA PARA PAREDES INTERNAS","18L",0.0328,{"v":36.9,"d":"R$ 36.90"},{"v":1.21,"d":"R$ 1.21"},{"$error":"#VALUE!"},{"$error":"#VALUE!"},{"v":0,"d":"R$ 0.00"},{"v":0,"d":"R$ 0.00"},{"$error":"#VALUE!"},{"$error":"#VALUE!"}]
[{"$nulls":5},"MATERIAL",{"v":1.22,"d":"R$ 1.22"},{"$error":"#VALUE!"},{"$error":"#VALUE!"},{"v":1.22,"d":"R$ 1.22"},{"v":0,"d":"R$ 0.00"},{"$error":"#VALUE!"},{"$error":"#VALUE!"}]
[{"$nulls":5},"MÃO DE OBRA",{"v":4.5,"d":"R$ 4.50"},{"$error":"#VALUE!"},{"$error":"#VALUE!"},{"v":0,"d":"R$ 0.00"},{"v":4.5,"d":"R$ 4.50"},{"$error":"#VALUE!"},{"$error":"#VALUE!"}]
[{"$nulls":5},"BDI",{"v":1.17,"d":"R$ 1.17"},{"$error":"#VALUE!"},{"$error":"#VALUE!"},{"v":0,"d":"R$ 0.00"},{"v":0,"d":"R$ 0.00"},{"$error":"#VALUE!"},{"$error":"#VALUE!"}]
[{"$nulls":5},"PREÇO TOTAL",{"v":6.89,"d":"R$ 6.89"},{"$error":"#VALUE!"},{"$error":"#VALUE!"},{"v":0,"d":"R$ 0.00"},{"v":0,"d":"R$ 0.00"},{"$error":"#VALUE!"},{"$error":"#VALUE!"}]
[{"$nulls":7},{"$error":"#VALUE!"},{"$error":"#VALUE!"},{"v":0,"d":"R$ 0.00"},{"v":0,"d":"R$ 0.00"},{"$error":"#VALUE!"},{"$error":"#VALUE!"}]
["2.2","88496","APLICAÇÃO E LIXAMENTO DE MASSA LÁTEX EM TETO, DUAS DEMÃOS. AF_06/2014","M2",{"$nulls":3},{"$error":"#VALUE!"},{"$error":"#VALUE!"},{"v":0,"d":"R$ 0.00"},{"v":0,"d":"R$ 0.00"},{"$error":"#VALUE!"},{"$error":"#VALUE!"}]
[null,"88310","PINTOR COM ENCARGOS COMPLEMENTARES","H",0.672,{"v":14.83,"d":"R$ 14.83"},{"v":9.96,"d":"R$ 9.96"},{"$error":"#VALUE!"},{"$error":"#VALUE!"},{"v":0,"d":"R$ 0.00"},{"v":0,"d":"R$ 0.00"},{"$error":"#VALUE!"},{"$error":"#VALUE!"}]
[null,"88316","SERVENTE COM ENCARGOS COMPLEMENTARES","H",0.247,{"v":12.01,"d":"R$ 12.01"},{"v":2.96,"d":"R$ 2.96"},{"$error":"#VALUE!"},{"$error":"#VALUE!"},{"v":0,"d":"R$ 0.00"},{"v":0,"d":"R$ 0.00"},{"$error":"#VALUE!"},{"$error":"#VALUE!"}]
[null,"3767","LIXA EM FOLHA PARA PAREDE OU MADEIRA, NUMERO 120 (COR VERMELHA)","UN",0.06,{"v":0.32,"d":"R$ 0.32"},{"v":0.01,"d":"R$ 0.01"},{"$error":"#VALUE!"},{"$error":"#VALUE!"},{"v":0,"d":"R$ 0.00"},{"v":0,"d":"R$ 0.00"},{"$error":"#VALUE!"},{"$error":"#VALUE!"}]
[null,"4051","MASSA CORRIDA PVA PARA PAREDES INTERNAS","18L",0.0489,{"v":36.9,"d":"R$ 36.90"},{"v":1.8,"d":"R$ 1.80"},{"$error":"#VALUE!"},{"$error":"#VALUE!"},{"v":0,"d":"R$ 0.00"},{"v":0,"d":"R$ 0.00"},{"$error":"#VALUE!"},{"$error":"#VALUE!"}]
[{"$nulls":5},"MATERIAL",{"v":1.81,"d":"R$ 1.81"},{"$error":"#VALUE!"},{"$error":"#VALUE!"},{"v":1.81,"d":"R$ 1.81"},{"v":0,"d":"R$ 0.00"},{"$error":"#VALUE!"},{"$error":"#VALUE!"}]
[{"$nulls":5},"MÃO DE OBRA",{"v":12.92,"d":"R$ 12.92"},{"$error":"#VALUE!"},{"$error":"#VALUE!"},{"v":0,"d":"R$ 0.00"},{"v":12.92,"d":"R$ 12.92"},{"$error":"#VALUE!"},{"$error":"#VALUE!"}]
[{"$nulls":5},"BDI",{"v":3.02,"d":"R$ 3.02"},{"$error":"#VALUE!"},{"$error":"#VALUE!"},{"v":0,"d":"R$ 0.00"},{"v":0,"d":"R$ 0.00"},{"$error":"#VALUE!"},{"$error":"#VALUE!"}]
[{"$nulls":5},"PREÇO TOTAL",{"v":17.75,"d":"R$ 17.75"},{"$error":"#VALUE!"},{"$error":"#VALUE!"},{"v":0,"d":"R$ 0.00"},{"v":0,"d":"R$ 0.00"},{"$error":"#VALUE!"},{"$error":"#VALUE!"}]
[{"$nulls":7},{"$error":"#VALUE!"},{"$error":"#VALUE!"},{"v":0,"d":"R$ 0.00"},{"v":0,"d":"R$ 0.00"},{"$error":"#VALUE!"},{"$error":"#VALUE!"}]
["2.3","88489","APLICAÇÃO MANUAL DE PINTURA COM TINTA LÁTEX ACRÍLICA EM PAREDES, DUAS DEMÃOS. AF_06/2014","M2",{"$nulls":3},{"$error":"#VALUE!"},{"$error":"#VALUE!"},{"v":0,"d":"R$ 0.00"},{"v":0,"d":"R$ 0.00"},{"$error":"#VALUE!"},{"$error":"#VALUE!"}]
[null,"88310","PINTOR COM ENCARGOS COMPLEMENTARES","H",0.187,{"v":14.83,"d":"R$ 14.83"},{"v":2.77,"d":"R$ 2.77"},{"$error":"#VALUE!"},{"$error":"#VALUE!"},{"v":0,"d":"R$ 0.00"},{"v":0,"d":"R$ 0.00"},{"$error":"#VALUE!"},{"$error":"#VALUE!"}]
[null,"88316","SERVENTE COM ENCARGOS COMPLEMENTARES","H",0.069,{"v":12.01,"d":"R$ 12.01"},{"v":0.8200000000000001,"d":"R$ 0.82"},{"$error":"#VALUE!"},{"$error":"#VALUE!"},{"v":0,"d":"R$ 0.00"},{"v":0,"d":"R$ 0.00"},{"$error":"#VALUE!"},{"$error":"#VALUE!"}]
[null,"7356","TINTA ACRILICA PREMIUM, COR BRANCO FOSCO","L",0.33,{"v":16.33,"d":"R$ 16.33"},{"v":5.38,"d":"R$ 5.38"},{"$error":"#VALUE!"},{"$error":"#VALUE!"},{"v":0,"d":"R$ 0.00"},{"v":0,"d":"R$ 0.00"},{"$error":"#VALUE!"},{"$error":"#VALUE!"}]
[{"$nulls":5},"MATERIAL",{"v":6.2,"d":"R$ 6.20"},{"$error":"#VALUE!"},{"$error":"#VALUE!"},{"v":6.2,"d":"R$ 6.20"},{"v":0,"d":"R$ 0.00"},{"$error":"#VALUE!"},{"$error":"#VALUE!"}]
[{"$nulls":5},"MÃO DE OBRA",{"v":2.77,"d":"R$ 2.77"},{"$error":"#VALUE!"},{"$error":"#VALUE!"},{"v":0,"d":"R$ 0.00"},{"v":2.77,"d":"R$ 2.77"},{"$error":"#VALUE!"},{"$error":"#VALUE!"}]
[{"$nulls":5},"BDI",{"v":1.8399999999999999,"d":"R$ 1.84"},{"$error":"#VALUE!"},{"$error":"#VALUE!"},{"v":0,"d":"R$ 0.00"},{"v":0,"d":"R$ 0.00"},{"$error":"#VALUE!"},{"$error":"#VALUE!"}]
[{"$nulls":5},"PREÇO TOTAL",{"v":10.81,"d":"R$ 10.81"},{"$error":"#VALUE!"},{"$error":"#VALUE!"},{"v":0,"d":"R$ 0.00"},{"v":0,"d":"R$ 0.00"},{"$error":"#VALUE!"},{"$error":"#VALUE!"}]
[{"$nulls":7},{"$error":"#VALUE!"},{"$error":"#VALUE!"},{"v":0,"d":"R$ 0.00"},{"v":0,"d":"R$ 0.00"},{"$error":"#VALUE!"},{"$error":"#VALUE!"}]
["2.4","88488","APLICAÇÃO MANUAL DE PINTURA COM TINTA LÁTEX ACRÍLICA EM TETO, DUAS DEMÃOS. AF_06/2014","M2",{"$nulls":3},{"$error":"#VALUE!"},{"$error":"#VALUE!"},{"v":0,"d":"R$ 0.00"},{"v":0,"d":"R$ 0.00"},{"$error":"#VALUE!"},{"$error":"#VALUE!"}]
[null,"88310","PINTOR COM ENCARGOS COMPLEMENTARES","H",0.244,{"v":14.83,"d":"R$ 14.83"},{"v":3.61,"d":"R$ 3.61"},{"$error":"#VALUE!"},{"$error":"#VALUE!"},{"v":0,"d":"R$ 0.00"},{"v":0,"d":"R$ 0.00"},{"$error":"#VALUE!"},{"$error":"#VALUE!"}]
[null,"88316","SERVENTE COM ENCARGOS COMPLEMENTARES","H",0.089,{"v":12.01,"d":"R$ 12.01"},{"v":1.06,"d":"R$ 1.06"},{"$error":"#VALUE!"},{"$error":"#VALUE!"},{"v":0,"d":"R$ 0.00"},{"v":0,"d":"R$ 0.00"},{"$error":"#VALUE!"},{"$error":"#VALUE!"}]
[null,"7356","TINTA ACRILICA PREMIUM, COR BRANCO FOSCO","L",0.33,{"v":16.33,"d":"R$ 16.33"},{"v":5.38,"d":"R$ 5.38"},{"$error":"#VALUE!"},{"$error":"#VALUE!"},{"v":0,"d":"R$ 0.00"},{"v":0,"d":"R$ 0.00"},{"$error":"#VALUE!"},{"$error":"#VALUE!"}]
[{"$nulls":5},"MATERIAL",{"v":6.44,"d":"R$ 6.44"},{"$error":"#VALUE!"},{"$error":"#VALUE!"},{"v":6.44,"d":"R$ 6.44"},{"v":0,"d":"R$ 0.00"},{"$error":"#VALUE!"},{"$error":"#VALUE!"}]
[{"$nulls":5},"MÃO DE OBRA",{"v":3.61,"d":"R$ 3.61"},{"$error":"#VALUE!"},{"$error":"#VALUE!"},{"v":0,"d":"R$ 0.00"},{"v":3.61,"d":"R$ 3.61"},{"$error":"#VALUE!"},{"$error":"#VALUE!"}]
[{"$nulls":5},"BDI",{"v":2.06,"d":"R$ 2.06"},{"$error":"#VALUE!"},{"$error":"#VALUE!"},{"v":0,"d":"R$ 0.00"},{"v":0,"d":"R$ 0.00"},{"$error":"#VALUE!"},{"$error":"#VALUE!"}]
[{"$nulls":5},"PREÇO TOTAL",{"v":12.11,"d":"R$ 12.11"},{"$error":"#VALUE!"},{"$error":"#VALUE!"},{"v":0,"d":"R$ 0.00"},{"v":0,"d":"R$ 0.00"},{"$error":"#VALUE!"},{"$error":"#VALUE!"}]
[{"$nulls":7},{"$error":"#VALUE!"},{"$error":"#VALUE!"},{"v":0,"d":"R$ 0.00"},{"v":0,"d":"R$ 0.00"},{"$error":"#VALUE!"},{"$error":"#VALUE!"}]
["3.1","93008","ELETRODUTO RÍGIDO ROSCÁVEL, PVC, DN 50 MM (1 1/2\") - FORNECIMENTO E INSTALAÇÃO. AF_12/2015","M",{"$nulls":3},{"$error":"#VALUE!"},{"$error":"#VALUE!"},{"v":0,"d":"R$ 0.00"},{"v":0,"d":"R$ 0.00"},{"$error":"#VALUE!"},{"$error":"#VALUE!"}]
[null,"88247","AUXILIAR DE ELETRICISTA COM ENCARGOS COMPLEMENTARES","H",0.112,{"v":12.24,"d":"R$ 12.24"},{"v":1.37,"d":"R$ 1.37"},{"$error":"#VALUE!"},{"$error":"#VALUE!"},{"v":0,"d":"R$ 0.00"},{"v":0,"d":"R$ 0.00"},{"$error":"#VALUE!"},{"$error":"#VALUE!"}]
[null,"88264","ELETRICISTA COM ENCARGOS COMPLEMENTARES","H",0.112,{"v":15.04,"d":"R$ 15.04"},{"v":1.6800000000000002,"d":"R$ 1.68"},{"$error":"#VALUE!"},{"$error":"#VALUE!"},{"v":0,"d":"R$ 0.00"},{"v":0,"d":"R$ 0.00"},{"$error":"#VALUE!"},{"$error":"#VALUE!"}]
[null,"2680","ELETRODUTO DE PVC RIGIDO ROSCAVEL DE 1 1/2 \", SEM LUVA","M",{"v":1.1,"d":"1.100"},{"v":3.81,"d":"R$ 3.81"},{"v":4.19,"d":"R$ 4.19"},{"$error":"#VALUE!"},{"$error":"#VALUE!"},{"v":0,"d":"R$ 0.00"},{"v":0,"d":"R$ 0.00"},{"$error":"#VALUE!"},{"$error":"#VALUE!"}]
[{"$nulls":5},"MATERIAL",{"v":4.19,"d":"R$ 4.19"},{"$error":"#VALUE!"},{"$error":"#VALUE!"},{"v":4.19,"d":"R$ 4.19"},{"v":0,"d":"R$ 0.00"},{"$error":"#VALUE!"},{"$error":"#VALUE!"}]
[{"$nulls":5},"MÃO DE OBRA",{"v":3.05,"d":"R$ 3.05"},{"$error":"#VALUE!"},{"$error":"#VALUE!"},{"v":0,"d":"R$ 0.00"},{"v":3.05,"d":"R$ 3.05"},{"$error":"#VALUE!"},{"$error":"#VALUE!"}]
[{"$nulls":5},"BDI",{"v":1.48,"d":"R$ 1.48"},{"$error":"#VALUE!"},{"$error":"#VALUE!"},{"v":0,"d":"R$ 0.00"},{"v":0,"d":"R$ 0.00"},{"$error":"#VALUE!"},{"$error":"#VALUE!"}]
[{"$nulls":5},"PREÇO TOTAL",{"v":8.72,"d":"R$ 8.72"},{"$error":"#VALUE!"},{"$error":"#VALUE!"},{"v":0,"d":"R$ 0.00"},{"v":0,"d":"R$ 0.00"},{"$error":"#VALUE!"},{"$error":"#VALUE!"}]
[{"$nulls":7},{"$error":"#VALUE!"},{"$error":"#VALUE!"},{"v":0,"d":"R$ 0.00"},{"v":0,"d":"R$ 0.00"},{"$error":"#VALUE!"},{"$error":"#VALUE!"}]
["3.2","91171 ADAPTADO","FIXAÇÃO DE TUBOS HORIZONTAIS DE PVC DIÂMETROS MAIORES QUE 40 MM E MENORES OU IGUAIS A 75 MM COM ABRAÇADEIRA METÁLICA RÍGIDA TIPO D 1 ½\" A CADA 0,5 M","M",{"$nulls":3},{"$error":"#VALUE!"},{"$error":"#VALUE!"},{"v":0,"d":"R$ 0.00"},{"v":0,"d":"R$ 0.00"},{"$error":"#VALUE!"},{"$error":"#VALUE!"}]
[null,"88248","AUXILIAR DE ENCANADOR OU BOMBEIRO HIDRÁULICO COM ENCARGOS COMPLEMENTARES","H",0.012,{"v":11.95,"d":"R$ 11.95"},{"v":0.14,"d":"R$ 0.14"},{"$error":"#VALUE!"},{"$error":"#VALUE!"},{"v":0,"d":"R$ 0.00"},{"v":0,"d":"R$ 0.00"},{"$error":"#VALUE!"},{"$error":"#VALUE!"}]
[null,"88267","ENCANADOR OU BOMBEIRO HIDRÁULICO COM ENCARGOS COMPLEMENTARES","H",0.084,{"v":14.86,"d":"R$ 14.86"},{"v":1.24,"d":"R$ 1.24"},{"$error":"#VALUE!"},{"$error":"#VALUE!"},{"v":0,"d":"R$ 0.00"},{"v":0,"d":"R$ 0.00"},{"$error":"#VALUE!"},{"$error":"#VALUE!"}]
[null,"394","ABRACADEIRA EM ACO PARA AMARRACAO DE ELETRODUTOS, TIPO D, COM 1 1/2\" E PARAFUSO DE FIXACAO","UN",{"v":2,"d":"2.000"},{"v":2.18,"d":"R$ 2.18"},{"v":4.36,"d":"R$ 4.36"},{"$error":"#VALUE!"},{"$error":"#VALUE!"},{"v":0,"d":"R$ 0.00"},{"v":0,"d":"R$ 0.00"},{"$error":"#VALUE!"},{"$error":"#VALUE!"}]
[{"$nulls":5},"MATERIAL",{"v":4.36,"d":"R$ 4.36"},{"$error":"#VALUE!"},{"$error":"#VALUE!"},{"v":4.36,"d":"R$ 4.36"},{"v":0,"d":"R$ 0.00"},{"$error":"#VALUE!"},{"$error":"#VALUE!"}]
[{"$nulls":5},"MÃO DE OBRA",{"v":1.38,"d":"R$ 1.38"},{"$error":"#VALUE!"},{"$error":"#VALUE!"},{"v":0,"d":"R$ 0.00"},{"v":1.38,"d":"R$ 1.38"},{"$error":"#VALUE!"},{"$error":"#VALUE!"}]
[{"$nulls":5},"BDI",{"v":1.17,"d":"R$ 1.17"},{"$error":"#VALUE!"},{"$error":"#VALUE!"},{"v":0,"d":"R$ 0.00"},{"v":0,"d":"R$ 0.00"},{"$error":"#VALUE!"},{"$error":"#VALUE!"}]
[{"$nulls":5},"PREÇO TOTAL",{"v":6.91,"d":"R$ 6.91"},{"$error":"#VALUE!"},{"$error":"#VALUE!"},{"v":0,"d":"R$ 0.00"},{"v":0,"d":"R$ 0.00"},{"$error":"#VALUE!"},{"$error":"#VALUE!"}]
[{"$nulls":7},{"$error":"#VALUE!"},{"$error":"#VALUE!"},{"v":0,"d":"R$ 0.00"},{"v":0,"d":"R$ 0.00"},{"$error":"#VALUE!"},{"$error":"#VALUE!"}]
["3.3","09206/ORSE","CONDULETE EM ALUMÍNIO TIPO \"C\" DE 1 1/2\" ",{"$nulls":4},{"$error":"#VALUE!"},{"$error":"#VALUE!"},{"v":0,"d":"R$ 0.00"},{"v":0,"d":"R$ 0.00"},{"$error":"#VALUE!"},{"$error":"#VALUE!"}]
[null,"03894/ORSE","CONDULETE TIPO \"C\" DE 1 1/2\" EM ALUMÍNIO FUNDIDO A PROVA DE TEMPO, GASES, VAPORES E PÓS. ","UNID.",{"v":1,"d":"1.000"},{"v":25.3,"d":"R$ 25.30"},{"v":25.3,"d":"R$ 25.30"},{"$error":"#VALUE!"},{"$error":"#VALUE!"},{"v":0,"d":"R$ 0.00"},{"v":0,"d":"R$ 0.00"},{"$error":"#VALUE!"},{"$error":"#VALUE!"}]
[null,88264,"ELETRICISTA COM ENCARGOS COMPLEMENTARES","H",{"v":0.37,"d":"0.370"},{"v":15.04,"d":"R$ 15.04"},{"v":5.5600000000000005,"d":"R$ 5.56"},{"$error":"#VALUE!"},{"$error":"#VALUE!"},{"v":0,"d":"R$ 0.00"},{"v":0,"d":"R$ 0.00"},{"$error":"#VALUE!"},{"$error":"#VALUE!"}]
[null,88316,"SERVENTE COM ENCARGOS COMPLEMENTARES","H",{"v":0.37,"d":"0.370"},{"v":12.01,"d":"R$ 12.01"},{"v":4.44,"d":"R$ 4.44"},{"$error":"#VALUE!"},{"$error":"#VALUE!"},{"v":0,"d":"R$ 0.00"},{"v":0,"d":"R$ 0.00"},{"$error":"#VALUE!"},{"$error":"#VALUE!"}]
[{"$nulls":5},"MATERIAL",{"v":25.3,"d":"R$ 25.30"},{"$error":"#VALUE!"},{"$error":"#VALUE!"},{"v":25.3,"d":"R$ 25.30"},{"v":0,"d":"R$ 0.00"},{"$error":"#VALUE!"},{"$error":"#VALUE!"}]
[{"$nulls":5},"MÃO DE OBRA",{"v":10,"d":"R$ 10.00"},{"$error":"#VALUE!"},{"$error":"#VALUE!"},{"v":0,"d":"R$ 0.00"},{"v":10,"d":"R$ 10.00"},{"$error":"#VALUE!"},{"$error":"#VALUE!"}]
[{"$nulls":5},"BDI",{"v":7.24,"d":"R$ 7.24"},{"$error":"#VALUE!"},{"$error":"#VALUE!"},{"v":0,"d":"R$ 0.00"},{"v":0,"d":"R$ 0.00"},{"$error":"#VALUE!"},{"$error":"#VALUE!"}]
[{"$nulls":5},"PREÇO TOTAL",{"v":42.54,"d":"R$ 42.54"},{"$error":"#VALUE!"},{"$error":"#VALUE!"},{"v":0,"d":"R$ 0.00"},{"v":0,"d":"R$ 0.00"},{"$error":"#VALUE!"},{"$error":"#VALUE!"}]
[{"$nulls":7},{"$error":"#VALUE!"},{"$error":"#VALUE!"},{"v":0,"d":"R$ 0.00"},{"v":0,"d":"R$ 0.00"},{"$error":"#VALUE!"},{"$error":"#VALUE!"}]
["3.4","93013","LUVA PARA ELETRODUTO, PVC, ROSCÁVEL, DN 50 MM (1 1/2\") - FORNECIMENTO E INSTALAÇÃO. AF_12/2015","UN",{"$nulls":3},{"$error":"#VALUE!"},{"$error":"#VALUE!"},{"v":0,"d":"R$ 0.00"},{"v":0,"d":"R$ 0.00"},{"$error":"#VALUE!"},{"$error":"#VALUE!"}]
[null,"88247","AUXILIAR DE ELETRICISTA COM ENCARGOS COMPLEMENTARES","H",0.224,{"v":12.24,"d":"R$ 12.24"},{"v":2.74,"d":"R$ 2.74"},{"$error":"#VALUE!"},{"$error":"#VALUE!"},{"v":0,"d":"R$ 0.00"},{"v":0,"d":"R$ 0.00"},{"$error":"#VALUE!"},{"$error":"#VALUE!"}]
[null,"88264","ELETRICISTA COM ENCARGOS COMPLEMENTARES","H",0.224,{"v":15.04,"d":"R$ 15.04"},{"v":3.36,"d":"R$ 3.36"},{"$error":"#VALUE!"},{"$error":"#VALUE!"},{"v":0,"d":"R$ 0.00"},{"v":0,"d":"R$ 0.00"},{"$error":"#VALUE!"},{"$error":"#VALUE!"}]
[null,"1893","LUVA EM PVC RIGIDO ROSCAVEL, DE 1 1/2\", PARA ELETRODUTO","UN",{"v":1,"d":"1.000"},{"v":2.34,"d":"R$ 2.34"},{"v":2.34,"d":"R$ 2.34"},{"$error":"#VALUE!"},{"$error":"#VALUE!"},{"v":0,"d":"R$ 0.00"},{"v":0,"d":"R$ 0.00"},{"$error":"#VALUE!"},{"$error":"#VALUE!"}]
[{"$nulls":5},"MATERIAL",{"v":2.34,"d":"R$ 2.34"},{"$error":"#VALUE!"},{"$error":"#VALUE!"},{"v":2.34,"d":"R$ 2.34"},{"v":0,"d":"R$ 0.00"},{"$error":"#VALUE!"},{"$error":"#VALUE!"}]
[{"$nulls":5},"MÃO DE OBRA",{"v":6.1,"d":"R$ 6.10"},{"$error":"#VALUE!"},{"$error":"#VALUE!"},{"v":0,"d":"R$ 0.00"},{"v":6.1,"d":"R$ 6.10"},{"$error":"#VALUE!"},{"$error":"#VALUE!"}]
[{"$nulls":5},"BDI",{"v":1.73,"d":"R$ 1.73"},{"$error":"#VALUE!"},{"$error":"#VALUE!"},{"v":0,"d":"R$ 0.00"},{"v":0,"d":"R$ 0.00"},{"$error":"#VALUE!"},{"$error":"#VALUE!"}]
[{"$nulls":5},"PREÇO TOTAL",{"v":10.17,"d":"R$ 10.17"},{"$error":"#VALUE!"},{"$error":"#VALUE!"},{"v":0,"d":"R$ 0.00"},{"v":0,"d":"R$ 0.00"},{"$error":"#VALUE!"},{"$error":"#VALUE!"}]
[{"$nulls":7},{"$error":"#VALUE!"},{"$error":"#VALUE!"},{"v":0,"d":"R$ 0.00"},{"v":0,"d":"R$ 0.00"},{"$error":"#VALUE!"},{"$error":"#VALUE!"}]
["3.5","93018","CURVA 90 GRAUS PARA ELETRODUTO, PVC, ROSCÁVEL, DN 50 MM (1 1/2\") - FORNECIMENTO E INSTALAÇÃO. AF_12/2015","UN",{"$nulls":3},{"$error":"#VALUE!"},{"$error":"#VALUE!"},{"v":0,"d":"R$ 0.00"},{"v":0,"d":"R$ 0.00"},{"$error":"#VALUE!"},{"$error":"#VALUE!"}]
[null,"88247","AUXILIAR DE ELETRICISTA COM ENCARGOS COMPLEMENTARES","H",0.336,{"v":12.24,"d":"R$ 12.24"},{"v":4.11,"d":"R$ 4.11"},{"$error":"#VALUE!"},{"$error":"#VALUE!"},{"v":0,"d":"R$ 0.00"},{"v":0,"d":"R$ 0.00"},{"$error":"#VALUE!"},{"$error":"#VALUE!"}]
[null,"88264","ELETRICISTA COM ENCARGOS COMPLEMENTARES","H",0.336,{"v":15.04,"d":"R$ 15.04"},{"v":5.05,"d":"R$ 5.05"},{"$error":"#VALUE!"},{"$error":"#VALUE!"},{"v":0,"d":"R$ 0.00"},{"v":0,"d":"R$ 0.00"},{"$error":"#VALUE!"},{"$error":"#VALUE!"}]
[null,"1875","CURVA 90 GRAUS, LONGA, DE PVC RIGIDO ROSCAVEL, DE 1 1/2\", PARA ELETRODUTO","UN",{"v":1,"d":"1.000"},{"v":3.75,"d":"R$ 3.75"},{"v":3.75,"d":"R$ 3.75"},{"$error":"#VALUE!"},{"$error":"#VALUE!"},{"v":0,"d":"R$ 0.00"},{"v":0,"d":"R$ 0.00"},{"$error":"#VALUE!"},{"$error":"#VALUE!"}]
[{"$nulls":5},"MATERIAL",{"v":3.75,"d":"R$ 3.75"},{"$error":"#VALUE!"},{"$error":"#VALUE!"},{"v":3.75,"d":"R$ 3.75"},{"v":0,"d":"R$ 0.00"},{"$error":"#VALUE!"},{"$error":"#VALUE!"}]
[{"$nulls":5},"MÃO DE OBRA",{"v":9.16,"d":"R$ 9.16"},{"$error":"#VALUE!"},{"$error":"#VALUE!"},{"v":0,"d":"R$ 0.00"},{"v":9.16,"d":"R$ 9.16"},{"$error":"#VALUE!"},{"$error":"#VALUE!"}]
[{"$nulls":5},"BDI",{"v":2.65,"d":"R$ 2.65"},{"$error":"#VALUE!"},{"$error":"#VALUE!"},{"v":0,"d":"R$ 0.00"},{"v":0,"d":"R$ 0.00"},{"$error":"#VALUE!"},{"$error":"#VALUE!"}]
[{"$nulls":5},"PREÇO TOTAL",{"v":15.56,"d":"R$ 15.56"},{"$error":"#VALUE!"},{"$error":"#VALUE!"},{"v":0,"d":"R$ 0.00"},{"v":0,"d":"R$ 0.00"},{"$error":"#VALUE!"},{"$error":"#VALUE!"}]
[{"$nulls":7},{"$error":"#VALUE!"},{"$error":"#VALUE!"},{"v":0,"d":"R$ 0.00"},{"v":0,"d":"R$ 0.00"},{"$error":"#VALUE!"},{"$error":"#VALUE!"}]
["3.6","93019","CURVA 135 GRAUS PARA ELETRODUTO, PVC, ROSCÁVEL, DN 50 MM (1 1/2\") - FORNECIMENTO E INSTALAÇÃO. AF_12/2015","UN",{"$nulls":3},{"$error":"#VALUE!"},{"$error":"#VALUE!"},{"v":0,"d":"R$ 0.00"},{"v":0,"d":"R$ 0.00"},{"$error":"#VALUE!"},{"$error":"#VALUE!"}]
[null,"88247","AUXILIAR DE ELETRICISTA COM ENCARGOS COMPLEMENTARES","H",0.336,{"v":12.24,"d":"R$ 12.24"},{"v":4.11,"d":"R$ 4.11"},{"$error":"#VALUE!"},{"$error":"#VALUE!"},{"v":0,"d":"R$ 0.00"},{"v":0,"d":"R$ 0.00"},{"$error":"#VALUE!"},{"$error":"#VALUE!"}]
[null,"88264","ELETRICISTA COM ENCARGOS COMPLEMENTARES","H",0.336,{"v":15.04,"d":"R$ 15.04"},{"v":5.05,"d":"R$ 5.05"},{"$error":"#VALUE!"},{"$error":"#VALUE!"},{"v":0,"d":"R$ 0.00"},{"v":0,"d":"R$ 0.00"},{"$error":"#VALUE!"},{"$error":"#VALUE!"}]
[null,"1881","!EM PROCESSO DE DESATIVACAO! CURVA PVC 135G 1 1/2\" P/ ELETRODUTO ROSCAVEL","UN",1,{"v":12.64,"d":"R$ 12.64"},{"v":12.64,"d":"R$ 12.64"},{"$error":"#VALUE!"},{"$error":"#VALUE!"},{"v":0,"d":"R$ 0.00"},{"v":0,"d":"R$ 0.00"},{"$error":"#VALUE!"},{"$error":"#VALUE!"}]
[{"$nulls":5},"MATERIAL",{"v":12.64,"d":"R$ 12.64"},{"$error":"#VALUE!"},{"$error":"#VALUE!"},{"v":12.64,"d":"R$ 12.64"},{"v":0,"d":"R$ 0.00"},{"$error":"#VALUE!"},{"$error":"#VALUE!"}]
[{"$nulls":5},"MÃO DE OBRA",{"v":9.16,"d":"R$ 9.16"},{"$error":"#VALUE!"},{"$error":"#VALUE!"},{"v":0,"d":"R$ 0.00"},{"v":9.16,"d":"R$ 9.16"},{"$error":"#VALUE!"},{"$error":"#VALUE!"}]
[{"$nulls":5},"BDI",{"v":4.47,"d":"R$ 4.47"},{"$error":"#VALUE!"},{"$error":"#VALUE!"},{"v":0,"d":"R$ 0.00"},{"v":0,"d":"R$ 0.00"},{"$error":"#VALUE!"},{"$error":"#VALUE!"}]
[{"$nulls":5},"PREÇO TOTAL",{"v":26.27,"d":"R$ 26.27"},{"$error":"#VALUE!"},{"$error":"#VALUE!"},{"v":0,"d":"R$ 0.00"},{"v":0,"d":"R$ 0.00"},{"$error":"#VALUE!"},{"$error":"#VALUE!"}]
[{"$nulls":7},{"$error":"#VALUE!"},{"$error":"#VALUE!"},{"v":0,"d":"R$ 0.00"},{"v":0,"d":"R$ 0.00"},{"$error":"#VALUE!"},{"$error":"#VALUE!"}]
["3.7","83443","CAIXA DE PASSAGEM 20X20X25 FUNDO BRITA COM TAMPA","UN",{"$nulls":3},{"$error":"#VALUE!"},{"$error":"#VALUE!"},{"v":0,"d":"R$ 0.00"},{"v":0,"d":"R$ 0.00"},{"$error":"#VALUE!"},{"$error":"#VALUE!"}]
[null,"88309","PEDREIRO COM ENCARGOS COMPLEMENTARES","H",0.69,{"v":14.89,"d":"R$ 14.89"},{"v":10.27,"d":"R$ 10.27"},{"$error":"#VALUE!"},{"$error":"#VALUE!"},{"v":0,"d":"R$ 0.00"},{"v":0,"d":"R$ 0.00"},{"$error":"#VALUE!"},{"$error":"#VALUE!"}]
[null,"88316","SERVENTE COM ENCARGOS COMPLEMENTARES","H",1.05,{"v":12.01,"d":"R$ 12.01"},{"v":12.61,"d":"R$ 12.61"},{"$error":"#VALUE!"},{"$error":"#VALUE!"},{"v":0,"d":"R$ 0.00"},{"v":0,"d":"R$ 0.00"},{"$error":"#VALUE!"},{"$error":"#VALUE!"}]
[null,"39","ACO CA-60, 5,0 MM, VERGALHAO","KG",0.14,{"v":3.87,"d":"R$ 3.87"},{"v":0.54,"d":"R$ 0.54"},{"$error":"#VALUE!"},{"$error":"#VALUE!"},{"v":0,"d":"R$ 0.00"},{"v":0,"d":"R$ 0.00"},{"$error":"#VALUE!"},{"$error":"#VALUE!"}]
[null,"367","AREIA GROSSA - POSTO JAZIDA/FORNECEDOR (RETIRADO NA JAZIDA, SEM TRANSPORTE)","M3",0.00126,{"v":60,"d":"R$ 60.00"},{"v":0.07,"d":"R$ 0.07"},{"$error":"#VALUE!"},{"$error":"#VALUE!"},{"v":0,"d":"R$ 0.00"},{"v":0,"d":"R$ 0.00"},{"$error":"#VALUE!"},{"$error":"#VALUE!"}]
[null,"370","AREIA MEDIA - POSTO JAZIDA/FORNECEDOR (RETIRADO NA JAZIDA, SEM TRANSPORTE)","M3",0.02,{"v":59.9,"d":"R$ 59.90"},{"v":1.19,"d":"R$ 1.19"},{"$error":"#VALUE!"},{"$error":"#VALUE!"},{"v":0,"d":"R$ 0.00"},{"v":0,"d":"R$ 0.00"},{"$error":"#VALUE!"},{"$error":"#VALUE!"}]
[null,"1106","CAL HIDRATADA CH-I PARA ARGAMASSAS","KG",1.65,{"v":0.4,"d":"R$ 0.40"},{"v":0.66,"d":"R$ 0.66"},{"$error":"#VALUE!"},{"$error":"#VALUE!"},{"v":0,"d":"R$ 0.00"},{"v":0,"d":"R$ 0.00"},{"$error":"#VALUE!"},{"$error":"#VALUE!"}]
[null,"1358","CHAPA DE MADEIRA COMPENSADA RESINADA PARA FORMA DE CONCRETO, DE *2,2 X 1,1* M, E = 17 MM","M2",0.04,{"v":27.33,"d":"R$ 27.33"},{"v":1.09,"d":"R$ 1.09"},{"$error":"#VALUE!"},{"$error":"#VALUE!"},{"v":0,"d":"R$ 0.00"},{"v":0,"d":"R$ 0.00"},{"$error":"#VALUE!"},{"$error":"#VALUE!"}]
[null,"1379","CIMENTO PORTLAND COMPOSTO CP II-32","KG",46,{"v":0.4,"d":"R$ 0.40"},{"v":18.4,"d":"R$ 18.40"},{"$error":"#VALUE!"},{"$error":"#VALUE!"},{"v":0,"d":"R$ 0.00"},{"v":0,"d":"R$ 0.00"},{"$error":"#VALUE!"},{"$error":"#VALUE!"}]
[null,"4718","PEDRA BRITADA N. 2 (19 A 38 MM) POSTO PEDREIRA/FORNECEDOR, SEM FRETE","M3",0.0014600000000000001,{"v":65,"d":"R$ 65.00"},{"v":0.09,"d":"R$ 0.09"},{"$error":"#VALUE!"},{"$error":"#VALUE!"},{"v":0,"d":"R$ 0.00"},{"v":0,"d":"R$ 0.00"},{"$error":"#VALUE!"},{"$error":"#VALUE!"}]
[null,"4722","PEDRA BRITADA N. 3 (38 A 50 MM) POSTO PEDREIRA/FORNECEDOR, SEM FRETE","M3",0.003,{"v":65,"d":"R$ 65.00"},{"v":0.19,"d":"R$ 0.19"},{"$error":"#VALUE!"},{"$error":"#VALUE!"},{"v":0,"d":"R$ 0.00"},{"v":0,"d":"R$ 0.00"},{"$error":"#VALUE!"},{"$error":"#VALUE!"}]
[null,"7258","TIJOLO CERAMICO MACICO *5 X 10 X 20* CM","UN",29,{"v":0.24,"d":"R$ 0.24"},{"v":6.96,"d":"R$ 6.96"},{"$error":"#VALUE!"},{"$error":"#VALUE!"},{"v":0,"d":"R$ 0.00"},{"v":0,"d":"R$ 0.00"},{"$error":"#VALUE!"},{"$error":"#VALUE!"}]
[{"$nulls":5},"MATERIAL",{"v":29.19,"d":"R$ 29.19"},{"$error":"#VALUE!"},{"$error":"#VALUE!"},{"v":29.19,"d":"R$ 29.19"},{"v":0,"d":"R$ 0.00"},{"$error":"#VALUE!"},{"$error":"#VALUE!"}]
[{"$nulls":5},"MÃO DE OBRA",{"v":22.88,"d":"R$ 22.88"},{"$error":"#VALUE!"},{"$error":"#VALUE!"},{"v":0,"d":"R$ 0.00"},{"v":22.88,"d":"R$ 22.88"},{"$error":"#VALUE!"},{"$error":"#VALUE!"}]
[{"$nulls":5},"BDI",{"v":10.68,"d":"R$ 10.68"},{"$error":"#VALUE!"},{"$error":"#VALUE!"},{"v":0,"d":"R$ 0.00"},{"v":0,"d":"R$ 0.00"},{"$error":"#VALUE!"},{"$error":"#VALUE!"}]
[{"$nulls":5},"PREÇO TOTAL",{"v":62.75,"d":"R$ 62.75"},{"$error":"#VALUE!"},{"$error":"#VALUE!"},{"v":0,"d":"R$ 0.00"},{"v":0,"d":"R$ 0.00"},{"$error":"#VALUE!"},{"$error":"#VALUE!"}]
[{"$nulls":7},{"$error":"#VALUE!"},{"$error":"#VALUE!"},{"v":0,"d":"R$ 0.00"},{"v":0,"d":"R$ 0.00"},{"$error":"#VALUE!"},{"$error":"#VALUE!"}]
["3.8","00488/ORSE ADAPTADO","QUADRO DE DISTRIBUIÇÃO EM CHAPA DE AÇO, SEM BARRAMENTO, DE SOBREPOR, PARA ATÉ 12 DISJUNTORES PADRÃO AMERICANO (LINHA PRETA), EXCLUSIVE DISJUNTORES ","UN",{"$nulls":3},{"$error":"#VALUE!"},{"$error":"#VALUE!"},{"v":0,"d":"R$ 0.00"},{"v":0,"d":"R$ 0.00"},{"$error":"#VALUE!"},{"$error":"#VALUE!"}]
[null,"88309","PEDREIRO COM ENCARGOS COMPLEMENTARES","H",{"v":1,"d":"1.0000"},{"v":14.89,"d":"R$ 14.89"},{"v":14.89,"d":"R$ 14.89"},{"$error":"#VALUE!"},{"$error":"#VALUE!"},{"v":0,"d":"R$ 0.00"},{"v":0,"d":"R$ 0.00"},{"$error":"#VALUE!"},{"$error":"#VALUE!"}]
[null,"88316","SERVENTE COM ENCARGOS COMPLEMENTARES","H",{"v":3,"d":"3.0000"},{"v":12.01,"d":"R$ 12.01"},{"v":36.03,"d":"R$ 36.03"},{"$error":"#VALUE!"},{"$error":"#VALUE!"},{"v":0,"d":"R$ 0.00"},{"v":0,"d":"R$ 0.00"},{"$error":"#VALUE!"},{"$error":"#VALUE!"}]
[null,13393,"QUADRO DE DISTRIBUICAO COM BARRAMENTO TRIFASICO, DE EMBUTIR, EM CHAPA DE ACO GALVANIZADO, PARA 12 DISJUNTORES DIN, 100 A","UN",{"v":1,"d":"1.0000"},{"v":233.43,"d":"R$ 233.43"},{"v":233.43,"d":"R$ 233.43"},{"$error":"#VALUE!"},{"$error":"#VALUE!"},{"v":0,"d":"R$ 0.00"},{"v":0,"d":"R$ 0.00"},{"$error":"#VALUE!"},{"$error":"#VALUE!"}]
[{"$nulls":5},"MATERIAL",{"v":233.43,"d":"R$ 233.43"},{"$error":"#VALUE!"},{"$error":"#VALUE!"},{"v":233.43,"d":"R$ 233.43"},{"v":0,"d":"R$ 0.00"},{"$error":"#VALUE!"},{"$error":"#VALUE!"}]
[{"$nulls":5},"MÃO DE OBRA",{"v":50.92,"d":"R$ 50.92"},{"$error":"#VALUE!"},{"$error":"#VALUE!"},{"v":0,"d":"R$ 0.00"},{"v":50.92,"d":"R$ 50.92"},{"$error":"#VALUE!"},{"$error":"#VALUE!"}]
[{"$nulls":5},"BDI",{"v":58.37,"d":"R$ 58.37"},{"$error":"#VALUE!"},{"$error":"#VALUE!"},{"v":0,"d":"R$ 0.00"},{"v":0,"d":"R$ 0.00"},{"$error":"#VALUE!"},{"$error":"#VALUE!"}]
[{"$nulls":5},"PREÇO TOTAL",{"v":342.72,"d":"R$ 342.72"},{"$error":"#VALUE!"},{"$error":"#VALUE!"},{"v":0,"d":"R$ 0.00"},{"v":0,"d":"R$ 0.00"},{"$error":"#VALUE!"},{"$error":"#VALUE!"}]
[{"$nulls":7},{"$error":"#VALUE!"},{"$error":"#VALUE!"},{"v":0,"d":"R$ 0.00"},{"v":0,"d":"R$ 0.00"},{"$error":"#VALUE!"},{"$error":"#VALUE!"}]
["3.9","90457","QUEBRA EM ALVENARIA PARA INSTALAÇÃO DE QUADRO DISTRIBUIÇÃO PEQUENO (19X25 CM). AF_05/2015","UN",{"$nulls":3},{"$error":"#VALUE!"},{"$error":"#VALUE!"},{"v":0,"d":"R$ 0.00"},{"v":0,"d":"R$ 0.00"},{"$error":"#VALUE!"},{"$error":"#VALUE!"}]
[null,"88248","AUXILIAR DE ENCANADOR OU BOMBEIRO HIDRÁULICO COM ENCARGOS COMPLEMENTARES","H",0.051000000000000004,{"v":11.95,"d":"R$ 11.95"},{"v":0.6000000000000001,"d":"R$ 0.60"},{"$error":"#VALUE!"},{"$error":"#VALUE!"},{"v":0,"d":"R$ 0.00"},{"v":0,"d":"R$ 0.00"},{"$error":"#VALUE!"},{"$error":"#VALUE!"}]
[null,"88267","ENCANADOR OU BOMBEIRO HIDRÁULICO COM ENCARGOS COMPLEMENTARES","H",0.329,{"v":14.86,"d":"R$ 14.86"},{"v":4.88,"d":"R$ 4.88"},{"$error":"#VALUE!"},{"$error":"#VALUE!"},{"v":0,"d":"R$ 0.00"},{"v":0,"d":"R$ 0.00"},{"$error":"#VALUE!"},{"$error":"#VALUE!"}]
[{"$nulls":5},"MATERIAL",{"v":0,"d":"R$ 0.00"},{"$error":"#VALUE!"},{"$error":"#VALUE!"},{"v":0,"d":"R$ 0.00"},{"v":0,"d":"R$ 0.00"},{"$error":"#VALUE!"},{"$error":"#VALUE!"}]
[{"$nulls":5},"MÃO DE OBRA",{"v":5.48,"d":"R$ 5.48"},{"$error":"#VALUE!"},{"$error":"#VALUE!"},{"v":0,"d":"R$ 0.00"},{"v":5.48,"d":"R$ 5.48"},{"$error":"#VALUE!"},{"$error":"#VALUE!"}]
[{"$nulls":5},"BDI",{"v":1.12,"d":"R$ 1.12"},{"$error":"#VALUE!"},{"$error":"#VALUE!"},{"v":0,"d":"R$ 0.00"},{"v":0,"d":"R$ 0.00"},{"$error":"#VALUE!"},{"$error":"#VALUE!"}]
[{"$nulls":5},"PREÇO TOTAL",{"v":6.6,"d":"R$ 6.60"},{"$error":"#VALUE!"},{"$error":"#VALUE!"},{"v":0,"d":"R$ 0.00"},{"v":0,"d":"R$ 0.00"},{"$error":"#VALUE!"},{"$error":"#VALUE!"}]
[{"$nulls":7},{"$error":"#VALUE!"},{"$error":"#VALUE!"},{"v":0,"d":"R$ 0.00"},{"v":0,"d":"R$ 0.00"},{"$error":"#VALUE!"},{"$error":"#VALUE!"}]
["3.10","C3479 / C3481 SEINFRA ADAPTADO","CONECTOR DE CAIXA TIPO RETO (BOX RETO) EM AÇO DIAM.=  1 1/2” ","UN",{"$nulls":3},{"$error":"#VALUE!"},{"$error":"#VALUE!"},{"v":0,"d":"R$ 0.00"},{"v":0,"d":"R$ 0.00"},{"$error":"#VALUE!"},{"$error":"#VALUE!"}]
[null,"88264","ELETRICISTA COM ENCARGOS COMPLEMENTARES","H",{"v":0.1,"d":"0.1000"},{"v":15.04,"d":"R$ 15.04"},{"v":1.5,"d":"R$ 1.50"},{"$error":"#VALUE!"},{"$error":"#VALUE!"},{"v":0,"d":"R$ 0.00"},{"v":0,"d":"R$ 0.00"},{"$error":"#VALUE!"},{"$error":"#VALUE!"}]
[null,"88247","AUXILIAR DE ELETRICISTA COM ENCARGOS COMPLEMENTARES","H",{"v":0.1,"d":"0.1000"},{"v":12.24,"d":"R$ 12.24"},{"v":1.22,"d":"R$ 1.22"},{"$error":"#VALUE!"},{"$error":"#VALUE!"},{"v":0,"d":"R$ 0.00"},{"v":0,"d":"R$ 0.00"},{"$error":"#VALUE!"},{"$error":"#VALUE!"}]
[null,"I0042 / I6132 SEINFRA ADAPTADO","BOX RETO DE D=1 ½\" ","UN",{"v":1,"d":"1.0000"},{"v":4.595,"d":"R$ 4.60"},{"v":4.59,"d":"R$ 4.59"},{"$error":"#VALUE!"},{"$error":"#VALUE!"},{"v":0,"d":"R$ 0.00"},{"v":0,"d":"R$ 0.00"},{"$error":"#VALUE!"},{"$error":"#VALUE!"}]
[{"$nulls":5},"MATERIAL",{"v":4.59,"d":"R$ 4.59"},{"$error":"#VALUE!"},{"$error":"#VALUE!"},{"v":4.59,"d":"R$ 4.59"},{"v":0,"d":"R$ 0.00"},{"$error":"#VALUE!"},{"$error":"#VALUE!"}]
[{"$nulls":5},"MÃO DE OBRA",{"v":2.7199999999999998,"d":"R$ 2.72"},{"$error":"#VALUE!"},{"$error":"#VALUE!"},{"v":0,"d":"R$ 0.00"},{"v":2.7199999999999998,"d":"R$ 2.72"},{"$error":"#VALUE!"},{"$error":"#VALUE!"}]
[{"$nulls":5},"BDI",{"v":1.5,"d":"R$ 1.50"},{"$error":"#VALUE!"},{"$error":"#VALUE!"},{"v":0,"d":"R$ 0.00"},{"v":0,"d":"R$ 0.00"},{"$error":"#VALUE!"},{"$error":"#VALUE!"}]
[{"$nulls":5},"PREÇO TOTAL",{"v":8.81,"d":"R$ 8.81"},{"$error":"#VALUE!"},{"$error":"#VALUE!"},{"v":0,"d":"R$ 0.00"},{"v":0,"d":"R$ 0.00"},{"$error":"#VALUE!"},{"$error":"#VALUE!"}]
[{"$nulls":7},{"$error":"#VALUE!"},{"$error":"#VALUE!"},{"v":0,"d":"R$ 0.00"},{"v":0,"d":"R$ 0.00"},{"$error":"#VALUE!"},{"$error":"#VALUE!"}]
["4.1","PESQ MERC","COBERTURA TIPO SOMBREADOR OU SOMBRITE COM TELA DE POLIETILENO E ESTRUTURA METÁLICA – FORNECIMENTO E INSTALAÇÃO","M²",{"$nulls":3},{"$error":"#VALUE!"},{"$error":"#VALUE!"},{"v":0,"d":"R$ 0.00"},{"v":0,"d":"R$ 0.00"},{"$error":"#VALUE!"},{"$error":"#VALUE!"}]
[null,"PESQ MERC","COBERTURA TIPO SOMBREADOR OU SOMBRITE COM TELA DE POLIETILENO E ESTRUTURA METÁLICA – FORNECIMENTO E INSTALAÇÃO","M²",{"v":1,"d":"1.000"},{"v":166.39,"d":"R$ 166.39"},{"v":166.39,"d":"R$ 166.39"},{"$error":"#VALUE!"},{"$error":"#VALUE!"},{"v":0,"d":"R$ 0.00"},{"v":0,"d":"R$ 0.00"},{"$error":"#VALUE!"},{"$error":"#VALUE!"}]
[{"$nulls":5},"MATERIAL",{"v":0,"d":"R$ 0.00"},{"$error":"#VALUE!"},{"$error":"#VALUE!"},{"v":0,"d":"R$ 0.00"},{"v":0,"d":"R$ 0.00"},{"$error":"#VALUE!"},{"$error":"#VALUE!"}]
[{"$nulls":5},"MÃO DE OBRA",{"v":166.39,"d":"R$ 166.39"},{"$error":"#VALUE!"},{"$error":"#VALUE!"},{"v":0,"d":"R$ 0.00"},{"v":166.39,"d":"R$ 166.39"},{"$error":"#VALUE!"},{"$error":"#VALUE!"}]
[{"$nulls":5},"BDI",{"v":34.15,"d":"R$ 34.15"},{"$error":"#VALUE!"},{"$error":"#VALUE!"},{"v":0,"d":"R$ 0.00"},{"v":0,"d":"R$ 0.00"},{"$error":"#VALUE!"},{"$error":"#VALUE!"}]
[{"$nulls":5},"PREÇO TOTAL",{"v":200.54,"d":"R$ 200.54"},{"$error":"#VALUE!"},{"$error":"#VALUE!"},{"v":0,"d":"R$ 0.00"},{"v":0,"d":"R$ 0.00"},{"$error":"#VALUE!"},{"$error":"#VALUE!"}]
[{"$nulls":7},{"$error":"#VALUE!"},{"$error":"#VALUE!"},{"v":0,"d":"R$ 0.00"},{"v":0,"d":"R$ 0.00"},{"$error":"#VALUE!"},{"$error":"#VALUE!"}]
["5.1","PESQ MERC","ALARME AUDIOVISUAL PARA BANHEIRO ACESSÍVEL SEM FIO COM UMA BOTOEIRA IP66 E ALCANCE MÍNIMO DE 20 METROS PARA A CENTRAL – FORNECIMENTO E INSTALAÇÃO","UNID.",{"$nulls":3},{"$error":"#VALUE!"},{"$error":"#VALUE!"},{"v":0,"d":"R$ 0.00"},{"v":0,"d":"R$ 0.00"},{"$error":"#VALUE!"},{"$error":"#VALUE!"}]
[null,"PESQ MERC","ALARME AUDIOVISUAL PARA BANHEIRO ACESSÍVEL SEM FIO COM UMA BOTOEIRA IP66 E ALCANCE MÍNIMO DE 20 METROS PARA A CENTRAL","UNID.",{"v":1,"d":"1.000"},{"v":741.57,"d":"R$ 741.57"},{"v":741.57,"d":"R$ 741.57"},{"$error":"#VALUE!"},{"$error":"#VALUE!"},{"v":0,"d":"R$ 0.00"},{"v":0,"d":"R$ 0.00"},{"$error":"#VALUE!"},{"$error":"#VALUE!"}]
[null,"88264","ELETRICISTA COM ENCARGOS COMPLEMENTARES","H",{"v":0.5,"d":"0.500"},{"v":15.04,"d":"R$ 15.04"},{"v":7.52,"d":"R$ 7.52"},{"$error":"#VALUE!"},{"$error":"#VALUE!"},{"v":0,"d":"R$ 0.00"},{"v":0,"d":"R$ 0.00"},{"$error":"#VALUE!"},{"$error":"#VALUE!"}]
[{"$nulls":5},"MATERIAL",{"v":741.57,"d":"R$ 741.57"},{"$error":"#VALUE!"},{"$error":"#VALUE!"},{"v":741.57,"d":"R$ 741.57"},{"v":0,"d":"R$ 0.00"},{"$error":"#VALUE!"},{"$error":"#VALUE!"}]
[{"$nulls":5},"MÃO DE OBRA",{"v":7.52,"d":"R$ 7.52"},{"$error":"#VALUE!"},{"$error":"#VALUE!"},{"v":0,"d":"R$ 0.00"},{"v":7.52,"d":"R$ 7.52"},{"$error":"#VALUE!"},{"$error":"#VALUE!"}]
[{"$nulls":5},"BDI",{"v":153.78,"d":"R$ 153.78"},{"$error":"#VALUE!"},{"$error":"#VALUE!"},{"v":0,"d":"R$ 0.00"},{"v":0,"d":"R$ 0.00"},{"$error":"#VALUE!"},{"$error":"#VALUE!"}]
[{"$nulls":5},"PREÇO TOTAL",{"v":902.87,"d":"R$ 902.87"},{"$error":"#VALUE!"},{"$error":"#VALUE!"},{"v":0,"d":"R$ 0.00"},{"v":0,"d":"R$ 0.00"},{"$error":"#VALUE!"},{"$error":"#VALUE!"}]
[{"$nulls":7},{"$error":"#VALUE!"},{"$error":"#VALUE!"},{"v":0,"d":"R$ 0.00"},{"v":0,"d":"R$ 0.00"},{"$error":"#VALUE!"},{"$error":"#VALUE!"}]
["6.1","01093/ORSE","CAP DE PVC RÍGIDO SOLDÁVEL, MARROM, DIÂM = 20MM ",{"$nulls":4},{"$error":"#VALUE!"},{"$error":"#VALUE!"},{"v":0,"d":"R$ 0.00"},{"v":0,"d":"R$ 0.00"},{"$error":"#VALUE!"},{"$error":"#VALUE!"}]
[null,"00138/ORSE","ADESIVO PVC EM FRASCO DE 850 GRAMAS ","KG",{"v":0.002,"d":"0.0020"},{"v":46.33,"d":"R$ 46.33"},{"v":0.09,"d":"R$ 0.09"},{"$error":"#VALUE!"},{"$error":"#VALUE!"},{"v":0,"d":"R$ 0.00"},{"v":0,"d":"R$ 0.00"},{"$error":"#VALUE!"},{"$error":"#VALUE!"}]
[null,"02036/ORSE","SOLUCAO LIMPADORA PVC ","L",{"v":0.003,"d":"0.0030"},{"v":34.2,"d":"R$ 34.20"},{"v":0.1,"d":"R$ 0.10"},{"$error":"#VALUE!"},{"$error":"#VALUE!"},{"v":0,"d":"R$ 0.00"},{"v":0,"d":"R$ 0.00"},{"$error":"#VALUE!"},{"$error":"#VALUE!"}]
[null,1191,"CAP PVC, SOLDAVEL, 20 MM, PARA AGUA FRIA PREDIAL","UN",{"v":1,"d":"1.0000"},{"v":0.66,"d":"R$ 0.66"},{"v":0.66,"d":"R$ 0.66"},{"$error":"#VALUE!"},{"$error":"#VALUE!"},{"v":0,"d":"R$ 0.00"},{"v":0,"d":"R$ 0.00"},{"$error":"#VALUE!"},{"$error":"#VALUE!"}]
[null,88267,"ENCANADOR OU BOMBEIRO HIDRÁULICO COM ENCARGOS COMPLEMENTARES","H",{"v":0.45,"d":"0.4500"},{"v":14.86,"d":"R$ 14.86"},{"v":6.68,"d":"R$ 6.68"},{"$error":"#VALUE!"},{"$error":"#VALUE!"},{"v":0,"d":"R$ 0.00"},{"v":0,"d":"R$ 0.00"},{"$error":"#VALUE!"},{"$error":"#VALUE!"}]
[null,"88316","SERVENTE COM ENCARGOS COMPLEMENTARES","H",{"v":0.45,"d":"0.4500"},{"v":12.01,"d":"R$ 12.01"},{"v":5.4,"d":"R$ 5.40"},{"$error":"#VALUE!"},{"$error":"#VALUE!"},{"v":0,"d":"R$ 0.00"},{"v":0,"d":"R$ 0.00"},{"$error":"#VALUE!"},{"$error":"#VALUE!"}]
[{"$nulls":5},"MATERIAL",{"v":0.85,"d":"R$ 0.85"},{"$error":"#VALUE!"},{"$error":"#VALUE!"},{"v":0.85,"d":"R$ 0.85"},{"v":0,"d":"R$ 0.00"},{"$error":"#VALUE!"},{"$error":"#VALUE!"}]
[{"$nulls":5},"MÃO DE OBRA",{"v":12.08,"d":"R$ 12.08"},{"$error":"#VALUE!"},{"$error":"#VALUE!"},{"v":0,"d":"R$ 0.00"},{"v":12.08,"d":"R$ 12.08"},{"$error":"#VALUE!"},{"$error":"#VALUE!"}]
[{"$nulls":5},"BDI",{"v":2.65,"d":"R$ 2.65"},{"$error":"#VALUE!"},{"$error":"#VALUE!"},{"v":0,"d":"R$ 0.00"},{"v":0,"d":"R$ 0.00"},{"$error":"#VALUE!"},{"$error":"#VALUE!"}]
[{"$nulls":5},"PREÇO TOTAL",{"v":15.58,"d":"R$ 15.58"},{"$error":"#VALUE!"},{"$error":"#VALUE!"},{"v":0,"d":"R$ 0.00"},{"v":0,"d":"R$ 0.00"},{"$error":"#VALUE!"},{"$error":"#VALUE!"}]
[{"$nulls":7},{"$error":"#VALUE!"},{"$error":"#VALUE!"},{"v":0,"d":"R$ 0.00"},{"v":0,"d":"R$ 0.00"},{"$error":"#VALUE!"},{"$error":"#VALUE!"}]
["7.1","PRRN","ADMINISTRAÇÃO LOCAL",{"$nulls":4},{"v":1,"d":"1.00"},{"v":1,"d":"1.00"},{"v":0,"d":"R$ 0.00"},{"v":0,"d":"R$ 0.00"},{"v":0,"d":"R$ 0.00"},{"v":0,"d":"R$ 0.00"}]
[null,90777,"ENGENHEIRO CIVIL DE OBRA JÚNIOR COM ENCARGOS COMPLEMENTARES","H",{"v":15,"d":"15.000"},{"v":78.35,"d":"R$ 78.35"},{"v":1175.25,"d":"R$ 1,175.25"},{"$error":"#VALUE!"},{"$error":"#VALUE!"},{"v":0,"d":"R$ 0.00"},{"v":0,"d":"R$ 0.00"},{"$error":"#VALUE!"},{"$error":"#VALUE!"}]
[null,90776,"ENCARREGADO GERAL COM ENCARGOS COMPLEMENTARES","H",{"v":120,"d":"120.000"},{"v":18.37,"d":"R$ 18.37"},{"v":2204.4,"d":"R$ 2,204.40"},{"$error":"#VALUE!"},{"$error":"#VALUE!"},{"v":0,"d":"R$ 0.00"},{"v":0,"d":"R$ 0.00"},{"$error":"#VALUE!"},{"$error":"#VALUE!"}]
[{"$nulls":5},"MATERIAL",{"v":0,"d":"R$ 0.00"},{"$error":"#VALUE!"},{"$error":"#VALUE!"},{"v":0,"d":"R$ 0.00"},{"v":0,"d":"R$ 0.00"},{"$error":"#VALUE!"},{"$error":"#VALUE!"}]
[{"$nulls":5},"MÃO DE OBRA",{"v":3379.65,"d":"R$ 3,379.65"},{"$error":"#VALUE!"},{"$error":"#VALUE!"},{"v":0,"d":"R$ 0.00"},{"v":3379.65,"d":"R$ 3,379.65"},{"$error":"#VALUE!"},{"$error":"#VALUE!"}]
[{"$nulls":5},"BDI",{"v":693.84,"d":"R$ 693.84"},{"$error":"#VALUE!"},{"$error":"#VALUE!"},{"v":0,"d":"R$ 0.00"},{"v":0,"d":"R$ 0.00"},{"$error":"#VALUE!"},{"$error":"#VALUE!"}]
[{"$nulls":5},"PREÇO TOTAL",{"v":4073.49,"d":"R$ 4,073.49"},{"$error":"#VALUE!"},{"$error":"#VALUE!"},{"v":0,"d":"R$ 0.00"},{"v":0,"d":"R$ 0.00"},{"$error":"#VALUE!"},{"$error":"#VALUE!"}]
[{"$nulls":11},{"$error":"#VALUE!"},{"$error":"#VALUE!"}]
[{"$nulls":11},{"$error":"#VALUE!"},{"$error":"#VALUE!"}]